<?xml version="1.0" encoding="UTF-8"?><?xml-stylesheet type="text/xsl" href="static/style.xsl"?><OAI-PMH xmlns="http://www.openarchives.org/OAI/2.0/" xmlns:xsi="http://www.w3.org/2001/XMLSchema-instance" xsi:schemaLocation="http://www.openarchives.org/OAI/2.0/ http://www.openarchives.org/OAI/2.0/OAI-PMH.xsd"><responseDate>2026-04-18T04:27:53Z</responseDate><request verb="GetRecord" identifier="oai:www.recercat.cat:2072/479309" metadataPrefix="marc">https://recercat.cat/oai/request</request><GetRecord><record><header><identifier>oai:recercat.cat:2072/479309</identifier><datestamp>2025-07-29T23:04:39Z</datestamp><setSpec>com_2072_98</setSpec><setSpec>col_2072_378192</setSpec></header><metadata><record xmlns="http://www.loc.gov/MARC21/slim" xmlns:dcterms="http://purl.org/dc/terms/" xmlns:xsi="http://www.w3.org/2001/XMLSchema-instance" xmlns:doc="http://www.lyncode.com/xoai" xsi:schemaLocation="http://www.loc.gov/MARC21/slim http://www.loc.gov/standards/marcxml/schema/MARC21slim.xsd">
   <leader>00925njm 22002777a 4500</leader>
   <datafield ind2=" " ind1=" " tag="042">
      <subfield code="a">dc</subfield>
   </datafield>
   <datafield ind2=" " ind1=" " tag="720">
      <subfield code="a">Tena Parera, Daniel</subfield>
      <subfield code="e">author</subfield>
   </datafield>
   <datafield ind2=" " ind1=" " tag="260">
      <subfield code="c">2024</subfield>
   </datafield>
   <datafield ind2=" " ind1=" " tag="520">
      <subfield code="a">Se presenta la tesis doctoral de Beatriz Hontanilla-Pizarro defendida en la Universidad de Lisboa en abril de 2024. Con metodología mixta que combina métodos cualitativos y cuantitativos, se expone a dos grupos (con y sin Síndrome de Down) la creación de un objeto gráfico para su posterior evaluación. El resultado indica que no existe diferencia entre los diseños gráficos realizados por un grupo o el otro. Así pues, se puede inferir que la estigmatización de las personas con Síndrome de Down puede ser un factor determinante en la no inserción laboral, en el campo del diseño gráfico y la creatividad, de personas con Síndrome de Down.</subfield>
   </datafield>
   <datafield ind2=" " ind1=" " tag="520">
      <subfield code="a">The doctoral thesis of Beatriz Hontanilla-Pizarro, defended at the University of Lisbon in April 2024, is presented. With a mixed methodology that combines qualitative and quantitative methods, two groups (with and without Down Syndrome) are exposed to the creation of a graphic object for later evaluation. The result indicates that there is no difference between the graphic designs made by one group or the other. Thus, it can be inferred that the stigmatization of people with Down Syndrome can be a determining factor in the non-employment, in the field of graphic design and creativity, of people with Down's Syndrome.</subfield>
   </datafield>
   <datafield ind2=" " ind1=" " tag="520">
      <subfield code="a">Se presenta la tesis doctoral de Beatriz Hontanilla-Pizarro defendida en la Universidad de Lisboa en abril de 2024. Con metodología mixta que combina métodos cualitativos y cuantitativos, se expone a dos grupos (con y sin Síndrome de Down) la creación de un objeto gráfico para su posterior evaluación. El resultado indica que no existe diferencia entre los diseños gráficos realizados por un grupo o el otro. Así pues, se puede inferir que la estigmatización de las personas con Síndrome de Down puede ser un factor determinante en la no inserción laboral, en el campo del diseño gráfico y la creatividad, de personas con Síndrome de Down.</subfield>
   </datafield>
   <datafield tag="653" ind2=" " ind1=" ">
      <subfield code="a">Creativity</subfield>
   </datafield>
   <datafield tag="653" ind2=" " ind1=" ">
      <subfield code="a">Graphic design</subfield>
   </datafield>
   <datafield tag="653" ind2=" " ind1=" ">
      <subfield code="a">Down's syndrome</subfield>
   </datafield>
   <datafield tag="653" ind2=" " ind1=" ">
      <subfield code="a">Labor inclusion</subfield>
   </datafield>
   <datafield tag="653" ind2=" " ind1=" ">
      <subfield code="a">Creatividad</subfield>
   </datafield>
   <datafield tag="653" ind2=" " ind1=" ">
      <subfield code="a">Diseño gráfico</subfield>
   </datafield>
   <datafield tag="653" ind2=" " ind1=" ">
      <subfield code="a">Síndrome de down</subfield>
   </datafield>
   <datafield tag="653" ind2=" " ind1=" ">
      <subfield code="a">Inclusión laboral</subfield>
   </datafield>
   <datafield tag="653" ind2=" " ind1=" ">
      <subfield code="a">Creativitat</subfield>
   </datafield>
   <datafield tag="653" ind2=" " ind1=" ">
      <subfield code="a">Disseny gràfic</subfield>
   </datafield>
   <datafield tag="653" ind2=" " ind1=" ">
      <subfield code="a">Inclusió laboral</subfield>
   </datafield>
   <datafield ind2="0" ind1="0" tag="245">
      <subfield code="a">Diseño Con y Sin Síndrome de Down [Ressenya]</subfield>
   </datafield>
</record></metadata></record></GetRecord></OAI-PMH>